000 00611nam a2200193Ia 4500
005 20260114154806.0
008 008 250103s9999 xx 000 0 eng d
037 _aTheses
040 _aCRL
_beng
_cCRL
041 _aeng
_2eng
084 _qCRL
100 _aSehrawat Kanchan Au.
_9866079
245 0 _aWomen and Finance in Contemporary World: Case of Select Indian Cities
260 _aDelhi
_bUniversity of Delhi. Faculty of Management Studies. Deptarment of Management Studies
_c2021
300 _a397p.
700 _a Vij Madhu Gu. Tuteja S.K. Gu.
_9866080
942 _cTH
999 _c1468315
_d1468315